FNAF Animatronics Hard - Statistiques

Statistiques générales
  • Ce quiz a été pris 1 548 fois
  • Le résultat moyen est 93 sur 129
Statistiques - réponses
Hint Réponse % Correct
FNAF HW Dark Freddy
100%
FNAF 1 | FNAF HW Freddy
100%
FNAF HW | FNAF SL Funtime Freddy
100%
FNAF SB Glamrock freddy
100%
FNAF 1 Golden Freddy
100%
FNAF PS Molten Freddy
100%
FNAF 4 | FNAF HW Nightmare Freddy
100%
FNAF 3 | FNAF HW Phantom Freddy
100%
FNAF PS Rockstar freddy
100%
FNAF 2 Shadow Freddy
100%
FNAF 2 | FNAF HW Toy Freddy
100%
FNAF 2 | FNAF HW Withered Freddy
100%
FNAF 2 Withered Golden Freddy
100%
FNAF 1 | FNAF HW Chica
99%
FNAF PS Funtime Chica
99%
FNAF SB Glamrock Chica
99%
FNAF HW Jack-O-Chica
99%
FNAF 4 | FNAF HW Nightmare Chica
99%
FNAF 3 Phantom Chica
99%
FNAF PS Rockstar Chica
99%
FNAF 2 | FNAF HW Toy Chica
99%
FNAF 2 | FNAF HW Withered Chica
99%
FNAF SL | FNAF HW Bon Bon
98%
FNAF 1 | FNAF HW Foxy
98%
FNAF HW | FNAF SL Funtime Foxy
98%
FNAF HW Grimm Foxy
98%
FNAF 4 | FNAF HW Nightmare Foxy
98%
FNAF 3 | FNAF HW Phantom Foxy
98%
FNAF PS Rockstar Foxy
98%
FNAF 2 | FNAF HW Withered Foxy
98%
FNAF 1 | FNAF HW Bonnie
96%
FNAF HW Jack-O-Bonnie
96%
FNAF 4 | FNAF HW Nightmare Bonnie
96%
FNAF PS Rockstar Bonnie
96%
FNAF 2 Shadow Bonnie
96%
FNAF HW Shadow bonnie
96%
Other Spring Bonnie
96%
FNAF 2 | FNAF HW Toy Bonnie
96%
FNAF 2 | FNAF HW Withered Bonnie
96%
FNAF 3 Phantom Puppet
87%
FNAF 3 | FNAF HW Springtrap
85%
FNAF SB DJ Music Man
83%
FNAF PS Music Man
83%
FNAF SB Wind Up Music Man
83%
FNAF 4 Nightmare Puppet
82%
FNAF HW Nightmare puppet
82%
FNAF 2 | FNAF HW Puppet
82%
FNAF PS Security Puppet
82%
FNAF 2 | FNAF HW Mangle
80%
FNAF 4 Nightmare Mangle
80%
FNAF 3 | FNAF HW Phantom Mangle
80%
FNAF 2 | FNAF HW Balloon Boy
78%
FNAF 4 | FNAF HW Nightmare Balloon Boy
78%
FNAF 3 Phantom Balloon Boy
78%
FNAF HW Phantom Balloon boy
78%
FNAF SL Ballora
67%
FNAF PS Scrap Baby
65%
FNAF 4 Nightmare
61%
FNAF HW | FNAF SL Baby
60%
FNAF 4 | FNAF HW Nightmare Fredbear
57%
FNAF 1 | FNAF HW Endo 1
55%
FNAF 2 | FNAF HW Endo 2
55%
FNAF SB Glamrock Endo
55%
FNAF HW Nightmare Endo
55%
FNAF 2 JJ
52%
FNAF HW | FNAF SL Ennard
49%
FNAF SB Roxy
47%
FNAF PS Lefty
46%
FNAF 4 | FNAF HW Plushtrap
46%
FNAF SB Monty
45%
FNAF PS Scrap Trap
45%
FNAF PS Mr Hippo
40%
FNAF SB Vanny
40%
FNAF PS Happy Frog
37%
FNAF SB Burntrap
33%
FNAF HW Glitchtrap
33%
FNAF SL | FNNAF HW Lolbit
30%
FNAF PS Orville Elephant
30%
FNAF HW | FNAF PS Helpy
25%
FNAF PS Pigpatch
25%
FNAF SB Blob
23%
FNAF HW Bonnet
22%
FNAF PS El Chip
20%
FNAF SB Moondrop
20%
FNAF PS Nedd Bear
20%
FNAF 4 | FNAF HW Freddles
19%
FNAF HW Dreadbear
18%
FNAF SB STAFF Bots
7%
FNAF SB Sunnydrop
6%
Other Frebear
4%
FNAF HW Jack-O-Lantern
4%
FNAF HW plushbabies
3%
FNAF HW Plushkin
2%
FNAF HW Nightmare Cupccake
1%
Aucun quiz correspondant
Distribution des résultats
% des personnes avec chaque résultat
Percentile par nombre de réponses
Votre historique - résultats
Vous n’avez pas pris ce quiz